[Event "Sparkassen-Open A"]
[Site "Heusenstamm, Martinsee"]
[Date "2025.11.23"]
[Round "7.11"]
[White "Holtel, Jasper"]
[Black "Klein, Levent"]
[Result "1-0"]
[WhiteElo "2365"]
[BlackElo "2142"]
[PlyCount "103"]
[EventDate "2025.11.20"]
[WhiteTeam "SK Doppelbauer Kiel von 1910 e.V"]
[BlackTeam "SK Kaiserslautern 1905"]

1. c4 c6 2. Nf3 d5 3. g3 Nf6 4. Bg2 e6 5. O-O Be7 6. b3 O-O 7. Bb2 Nbd7 8. d3 b6 9. e4 Bb7 10. e5 Ne8 11. cxd5 cxd5 12. Nc3 Nc7 13. Re1 Rc8 14. d4 Ba6 15. a3 Nb8 16. h4 b5 17. Ne2 Na8 18. Bc1 Qc7 19. Ra2 b4 20. a4 Nc6 21. Nf4 Na5 22. Be3 Nb6 23. Nd2 Kh8 24. Bf3 Qd7 25. Kg2 Rc3 26. Be2 Bxe2 27. Nxe2 Rc6 28. Rb2 Rfc8 29. Nf3 Qc7 30. Nf4 Rc2 31. Rb1 Kg8 32. Ng5 h6 33. Nxf7 Kxf7 34. Qh5+ Kg8 35. Nxe6 Qd7 36. Qg6 Bf8 37. Nc5 Bxc5 38. dxc5 R2xc5 39. Bxc5 Rxc5 40. e6 Qe7 41. Re5 Rc8 42. Rf5 Rf8 43. Rxf8+ Qxf8 44. Re1 Qe7 45. Re5 Nc6 46. Rh5 Kh8 47. a5 Nc8 48. Rxd5 Nd6 49. a6 Qf8 50. Qd3 Nc8 51. Rf5 Qe8 52. Qd7 1-0

[Event "Sparkassen-Open A"]
[Site "Heusenstamm, Martinsee"]
[Date "2025.11.23"]
[Round "7.12"]
[White "Wolf, Ulrich Martin"]
[Black "Hourigan, Gerrit"]
[Result "0-1"]
[WhiteElo "2137"]
[BlackElo "2279"]
[PlyCount "74"]
[EventDate "2025.11.20"]
[WhiteTeam "SK Bad Homburg 1927"]
[BlackTeam "SF Hamburg e.V. 1934"]

1. d4 Nf6 2. Nf3 d5 3. g3 c5 4. Bg2 cxd4 5. O-O e6 6. Nxd4 e5 7. Nb3 Be6 8. c4 Nc6 9. cxd5 Nxd5 10. Bd2 Be7 11. Nc3 Nb6 12. Ne4 Nc4 13. Bc3 Qb6 14. e3 O-O 15. Qe2 f5 16. Ned2 Nxd2 17. Nxd2 e4 18. g4 fxg4 19. Nxe4 a5 20. b3 Rad8 21. Qb2 Rf7 22. Rad1 h6 23. Qa1 Bf8 24. Ng3 Rfd7 25. Rxd7 Rxd7 26. Nh5 Qc5 27. Nf4 Bf7 28. e4 Qg5 29. Nd5 Bxd5 30. exd5 Ne7 31. f4 gxf3 32. Rxf3 Nxd5 33. Rg3 Qe7 34. Be5 Nb4 35. Bh3 Qc5+ 36. Kf1 Rf7+ 37. Bf6 Qc6 0-1

[Event "Sparkassen-Open A"]
[Site "Heusenstamm, Martinsee"]
[Date "2025.11.23"]
[Round "7.13"]
[White "Podat, Vladimir"]
[Black "Windmüller, Simon"]
[Result "1/2-1/2"]
[WhiteElo "2278"]
[BlackElo "2137"]
[PlyCount "66"]
[EventDate "2025.11.20"]
[WhiteTeam "SC Untergrombach 46"]
[BlackTeam "SV 1926 Riegelsberg"]

1. d4 Nf6 2. c4 g6 3. Nc3 d5 4. cxd5 Nxd5 5. e4 Nxc3 6. bxc3 Bg7 7. Nf3 c5 8. Bb5+ Nc6 9. O-O O-O 10. Bxc6 bxc6 11. Qc2 cxd4 12. cxd4 Bg4 13. Ne5 Qxd4 14. Bb2 Qb6 15. Rab1 Bxe5 16. Bxe5 Qa5 17. Bc3 Qc5 18. Qb2 a5 19. Rfc1 Qd6 20. Be5 Qd7 21. f3 Be6 22. a4 c5 23. Qb5 Rfc8 24. Rxc5 f6 25. Bg3 Rxc5 26. Qxc5 Qa7 27. Bf2 Qxc5 28. Bxc5 Bd7 29. Rb7 Bxa4 30. Bxe7 Ra6 31. Ba3 h5 32. Rb8+ Kg7 33. Rb7+ Kg8 1/2-1/2

[Event "Sparkassen-Open A"]
[Site "Heusenstamm, Martinsee"]
[Date "2025.11.23"]
[Round "7.14"]
[White "Lauer, Marius"]
[Black "Bentel, Robin"]
[Result "1/2-1/2"]
[WhiteElo "2151"]
[BlackElo "2243"]
[PlyCount "90"]
[EventDate "2025.11.20"]
[WhiteTeam "SK Kaiserslautern 1905"]
[BlackTeam "Schachfreunde Lieme e. V."]

1. Nf3 d5 2. e3 Nf6 3. c4 e6 4. Nc3 Be7 5. b3 O-O 6. Bb2 c5 7. cxd5 exd5 8. d4 Nc6 9. Be2 Be6 10. O-O b6 11. Rc1 Rc8 12. Na4 Ne4 13. dxc5 bxc5 14. Nd2 Nxd2 15. Qxd2 c4 16. bxc4 dxc4 17. Qxd8 Nxd8 18. Bd4 Nb7 19. Rc2 Bf6 20. Bxf6 gxf6 21. Rfc1 Nd6 22. Nb2 Rc5 23. f3 Ra5 24. a4 Rb8 25. Nxc4 Bxc4 26. Bxc4 Rxa4 27. e4 Nxc4 28. Rxc4 Rxc4 29. Rxc4 Rb1+ 30. Kf2 Ra1 31. Kg3 a5 32. Kf4 Ra2 33. Kg3 a4 34. h4 Kg7 35. Kh3 Ra1 36. Kg4 a3 37. Ra4 Ra2 38. g3 Ra1 39. h5 Ra2 40. Kf5 Rh2 41. Rxa3 Rxh5+ 42. Kg4 Rg5+ 43. Kf4 Rb5 44. Rd3 Rc5 45. Rd5 Rc3 1/2-1/2

[Event "Sparkassen-Open A"]
[Site "Heusenstamm, Martinsee"]
[Date "2025.11.23"]
[Round "7.16"]
[White "Berkes, Alexander"]
[Black "Doll, Alexander"]
[Result "1/2-1/2"]
[WhiteElo "2043"]
[BlackElo "2234"]
[PlyCount "53"]
[EventDate "2025.11.20"]
[WhiteTeam "SK Langen"]
[BlackTeam "SC Untergrombach 46"]

1. e4 e5 2. Nf3 Nc6 3. Nc3 Nf6 4. d4 exd4 5. Nxd4 Bb4 6. Nxc6 bxc6 7. Bd3 d5 8. exd5 O-O 9. O-O cxd5 10. h3 Rb8 11. Qf3 c6 12. Bf4 Rb7 13. Ba6 Re7 14. Bxc8 Qxc8 15. a3 Bxc3 16. Bd6 Rb7 17. Bxf8 Bxb2 18. Bc5 Ne4 19. Be3 Bxa1 20. Rxa1 Qe6 21. Re1 Re7 22. Qf4 Qd7 23. Qb8+ Re8 24. Qxa7 Qxa7 25. Bxa7 Ra8 26. Rb1 Kf8 27. Rb7 1/2-1/2

[Event "Sparkassen-Open A"]
[Site "Heusenstamm, Martinsee"]
[Date "2025.11.23"]
[Round "7.17"]
[White "Heindrich, Mark"]
[Black "Solonar, Stefan"]
[Result "1/2-1/2"]
[WhiteElo "2038"]
[BlackElo "2250"]
[PlyCount "33"]
[EventDate "2025.11.20"]
[WhiteTeam "SAbt TuS Dotzheim"]
[BlackTeam "SC Heusenstamm"]

1. e4 c5 2. Nf3 Nc6 3. Bb5 g6 4. O-O Bg7 5. Re1 Nf6 6. e5 Nd5 7. Nc3 Nc7 8. Bxc6 dxc6 9. Ne4 Ne6 10. d3 O-O 11. h3 b6 12. b3 Qc7 13. Bb2 Rd8 14. Neg5 h6 15. Nxe6 Bxe6 16. Qe2 Bd5 17. Nd2 1/2-1/2

[Event "Sparkassen-Open A"]
[Site "Heusenstamm, Martinsee"]
[Date "2025.11.23"]
[Round "7.18"]
[White "Schmitzer, Klaus"]
[Black "Tran, Duc Cuong"]
[Result "1-0"]
[WhiteElo "2230"]
[BlackElo "2109"]
[PlyCount "355"]
[EventDate "2025.11.20"]
[WhiteTeam "SK Münster 32 e. V."]
[BlackTeam "LSV Turm Lippstadt"]

1. e4 c5 2. Nf3 Nc6 3. d4 cxd4 4. Nxd4 g6 5. Nc3 Bg7 6. Nb3 Nf6 7. Bg5 d6 8. Qd2 h6 9. Bf4 g5 10. Bg3 Nh5 11. Be2 Nxg3 12. hxg3 a5 13. a4 Be6 14. f4 gxf4 15. gxf4 Qb6 16. Bb5 Bxb3 17. cxb3 Qd4 18. O-O-O Qxd2+ 19. Rxd2 O-O-O 20. Rh5 Nd4 21. Bc4 b6 22. Nd5 e6 23. Ne3 Kb7 24. Kb1 Nc6 25. Nc2 Bf8 26. Be2 Rg8 27. Bf3 Bg7 28. Rh1 Rd7 29. Rhd1 Rgd8 30. Na3 Bf8 31. Nb5 Kb8 32. g3 Be7 33. Rh1 Bf8 34. Rh5 Kb7 35. Na3 Bg7 36. Nb5 Bf8 37. Rd1 Na7 38. Na3 Nc8 39. Nc4 Bg7 40. Rh4 Bf8 41. Rg4 Ka7 42. Na3 Kb7 43. Rg8 Be7 44. Rg7 Bf8 45. Rh7 Kb8 46. Nc4 Kc7 47. Rc1 Kb8 48. Rd1 Kc7 49. Bh5 f5 50. Rxd7+ Rxd7 51. exf5 exf5 52. Ne3 Ne7 53. Bf7 Bg7 54. Be6 Rd8 55. Bxf5 d5 56. Bd3 d4 57. Rc1+ Kb8 58. Nc4 Nd5 59. Re1 Kc7 60. Kc1 Ne3 61. Nxe3 dxe3 62. Rxe3 Bd4 63. Rf3 Re8 64. Kd2 Bxb2 65. Bb5 Rd8+ 66. Ke3 Kd6 67. Ke4 Ke6 68. Rf2 Ba3 69. Rh2 Bf8 70. Rh5 Bg7 71. Bc4+ Ke7 72. Rf5 Bf6 73. Rb5 Bd4 74. Rf5 Bf6 75. g4 Rd4+ 76. Ke3 Rd1 77. Rh5 Bg7 78. Ke4 Rd6 79. Rh1 Kf6 80. Bd5 Bf8 81. Rc1 Rd8 82. Rc6+ Rd6 83. Rc7 Rd8 84. Rc6+ Rd6 85. Rc5 Kg7 86. Rc7+ Kh8 87. Ke5 Rd8 88. Rc6 Re8+ 89. Kf5 Rb8 90. Bc4 Kh7 91. Rc7+ Bg7 92. Ke6 Rf8 93. Bd3+ Kh8 94. Bf5 Re8+ 95. Kd5 Rd8+ 96. Kc6 Rb8 97. Kb5 Kg8 98. Be6+ Kh8 99. Bd5 Bd4 100. Be4 Rf8 101. Bf5 Rf6 102. Rh7+ Kg8 103. Re7 Bc5 104. Re4 Kg7 105. Be6 Kh7 106. f5 Rf8 107. Bd7 Kg7 108. Re2 Rf6 109. Be6 Rf8 110. Bc4 Rf6 111. Be6 Rf8 112. Kc6 Kf6 113. Bc4 Kg5 114. Re4 h5 115. gxh5 Kxh5 116. Be6 Kg5 117. Re2 Kf6 118. Rh2 Ke5 119. Rh5 Kf6 120. Kb5 Bd4 121. Rh7 Ke5 122. Rd7 Bf2 123. Rd5+ Kf6 124. Rd6 Rb8 125. Kc4 Ke5 126. Rd5+ Kf6 127. Kd3 Rh8 128. Rd7 Rh6 129. Rb7 Bc5 130. Kc4 Rh4+ 131. Kb5 Bf2 132. Kc6 Rh8 133. Rf7+ Ke5 134. Kb5 Bd4 135. Rd7 Bf2 136. Rd2 Bd4 137. Bc4 Bg1 138. Rd1 Bf2 139. Rf1 Bc5 140. f6 Kd6 141. Rf5 Rf8 142. f7 Kc7 143. Rf6 Rb8 144. Rc6+ Kd7 145. Be6+ Ke7 146. Bd5 Kd7 147. Bc4 Ke7 148. Rxc5 bxc5+ 149. Kxa5 Kd6 150. Bb5 Rc8 151. Kb6 Rb8+ 152. Ka7 Kc7 153. Be8 Rb7+ 154. Ka6 Rb6+ 155. Ka5 Rf6 156. Kb5 Rf5 157. a5 Kb7 158. Bc6+ Ka7 159. Bd5 c4 160. Kxc4 Ka6 161. b4 Rf4+ 162. Kc5 Rf6 163. Bc4+ Ka7 164. b5 Rf5+ 165. Bd5 Rf6 166. Kd4 Kb8 167. Ke5 Rf1 168. b6 Re1+ 169. Kd6 Rf1 170. Ke7 Re1+ 171. Be6 Rf1 172. f8=Q+ Rxf8 173. Kxf8 Kb7 174. Bc4 Kc6 175. Ke7 Kb7 176. Kd6 Kb8 177. a6 Kc8 178. Bd5 1-0

[Event "Sparkassen-Open A"]
[Site "Heusenstamm, Martinsee"]
[Date "2025.11.23"]
[Round "7.19"]
[White "Wenzel, Calvin"]
[Black "Klundt, Klaus"]
[Result "1-0"]
[WhiteElo "2065"]
[BlackElo "2229"]
[PlyCount "43"]
[EventDate "2025.11.20"]
[WhiteTeam "SK 1980 Gernsheim"]
[BlackTeam "SC Heusenstamm"]

1. e4 c5 2. Nf3 e6 3. d4 cxd4 4. Nxd4 Nc6 5. Nc3 Qc7 6. Be3 a6 7. Qf3 Nf6 8. O-O-O Ne5 9. Qg3 b5 10. Bxb5 axb5 11. Ndxb5 Qb8 12. Bf4 d6 13. Rxd6 Nh5 14. Qg5 Bxd6 15. Nxd6+ Qxd6 16. Bxe5 Ra5 17. Nd5 Rxd5 18. exd5 Qxd5 19. Rd1 f6 20. Qxh5+ g6 21. Rxd5 gxh5 22. Rd8+ 1-0

[Event "Sparkassen-Open A"]
[Site "Heusenstamm, Martinsee"]
[Date "2025.11.23"]
[Round "7.20"]
[White "Geltz, Noah"]
[Black "Wachsmann, Dietmar"]
[Result "1-0"]
[WhiteElo "2224"]
[BlackElo "2012"]
[PlyCount "65"]
[EventDate "2025.11.20"]
[WhiteTeam "TSV Schönaich"]
[BlackTeam "SC Groß-Umstadt"]

1. d4 d5 2. Nf3 c5 3. dxc5 Nf6 4. c3 e6 5. Be3 Nc6 6. b4 Ng4 7. Bg5 f6 8. Bh4 g5 9. Bg3 Nh6 10. Nbd2 Bg7 11. e3 Nf7 12. Qa4 O-O 13. b5 Ne7 14. Be2 f5 15. O-O e5 16. h3 h5 17. Ne1 g4 18. Rd1 Ng6 19. hxg4 hxg4 20. f3 f4 21. exf4 exf4 22. Bxf4 Nxf4 23. Qxf4 Be5 24. Qa4 Qh4 25. f4 Ng5 26. fxe5 Qg3 27. Rxf8+ Kxf8 28. Nd3 Nh3+ 29. Kf1 Qh2 30. gxh3 Qh1+ 31. Kf2 Qh2+ 32. Ke1 Qg1+ 33. Nf1 1-0

[Event "Sparkassen-Open A"]
[Site "Heusenstamm, Martinsee"]
[Date "2025.11.23"]
[Round "7.21"]
[White "Perske, Paul"]
[Black "Lu, Yunong Elias"]
[Result "1/2-1/2"]
[WhiteElo "2184"]
[BlackElo "2060"]
[PlyCount "35"]
[EventDate "2025.11.20"]
[WhiteTeam "Sfr.Heidesheim"]
[BlackTeam "Hamburger SK von 1830 eV"]

1. d4 Nf6 2. c4 e6 3. Nf3 d5 4. Nc3 c6 5. e3 Nbd7 6. Be2 Bd6 7. O-O O-O 8. b3 dxc4 9. Bxc4 b5 10. Bd3 Bb7 11. Bb2 a6 12. e4 e5 13. dxe5 Nxe5 14. Nxe5 Bxe5 15. Qe2 Qc7 16. h3 Rad8 17. Rad1 Rfe8 18. Rfe1 1/2-1/2

[Event "Sparkassen-Open A"]
[Site "Heusenstamm, Martinsee"]
[Date "2025.11.23"]
[Round "7.22"]
[White "Kersten, Uwe"]
[Black "Steigleder, Maximilian"]
[Result "0-1"]
[WhiteElo "2178"]
[BlackElo "2037"]
[PlyCount "114"]
[EventDate "2025.11.20"]
[WhiteTeam "Kasseler SK 1876"]
[BlackTeam "Sfr.1932 Kelkheim"]

1. e4 c5 2. Nf3 d6 3. Bb5+ Bd7 4. Bxd7+ Qxd7 5. O-O Nc6 6. c3 Ne5 7. d4 Nxf3+ 8. Qxf3 cxd4 9. cxd4 g6 10. Nc3 Bg7 11. Rd1 Nh6 12. Nd5 O-O 13. Qg3 Rae8 14. Bxh6 Bxh6 15. Qh4 Bg7 16. e5 dxe5 17. dxe5 Bxe5 18. Rac1 Bd6 19. g3 Rc8 20. Rxc8 Rxc8 21. Qd4 Qf5 22. Re1 Qf3 23. Nc3 Bc5 24. Qd2 Bb4 25. Re3 Qc6 26. Rd3 Bd6 27. Qe2 Qc4 28. a3 Rc5 29. Kg2 Re5 30. Qd1 Rf5 31. Kg1 Bc5 32. Rf3 Rxf3 33. Qxf3 Qd4 34. b4 Bb6 35. Kg2 Kg7 36. h4 Qf6 37. Ne4 Qxf3+ 38. Kxf3 f5 39. Nd2 Kf6 40. Nc4 Ke6 41. Ke2 Kd5 42. Nd2 Kd4 43. f3 h5 44. f4 Kc3 45. Nf3 Bc7 46. Ke3 b6 47. Ne5 Bxe5 48. fxe5 e6 49. Kf4 Kd4 50. Kg5 Kxe5 51. Kxg6 f4 52. gxf4+ Kxf4 53. Kxh5 Kf5 54. Kh6 e5 55. h5 Kf6 56. Kh7 e4 57. h6 Kf7 0-1

[Event "Sparkassen-Open A"]
[Site "Heusenstamm, Martinsee"]
[Date "2025.11.23"]
[Round "7.23"]
[White "Thomas, Tobias"]
[Black "Marcziter, Dmitrii"]
[Result "1/2-1/2"]
[WhiteElo "1994"]
[BlackElo "2165"]
[PlyCount "104"]
[EventDate "2025.11.20"]
[WhiteTeam "SK Langen"]
[BlackTeam "Schachgemeinschaft Porz e. V."]

1. e4 c5 2. Nf3 a6 3. c3 g6 4. d4 cxd4 5. cxd4 d5 6. e5 Nc6 7. h3 Bg7 8. Nc3 h5 9. Bg5 Be6 10. Qb3 Rb8 11. Na4 Nh6 12. Nc5 Bc8 13. Rd1 Nf5 14. Rg1 h4 15. g4 hxg3 16. fxg3 Bh6 17. Bxh6 Rxh6 18. g4 Qa5+ 19. Kf2 Nfxd4 20. Qxd5 Nxf3 21. Kxf3 Bxg4+ 22. hxg4 Rd8 23. Qxc6+ bxc6 24. Nb7 Qd5+ 25. Rxd5 Rxd5 26. Bxa6 Rh2 27. b4 Rxe5 28. Rc1 Rxa2 29. Rxc6 Kd7 30. b5 e6 31. Nc5+ Ke7 32. Rc7+ Kd6 33. Rc6+ Kd5 34. Bb7 Ra3+ 35. Nb3 Ra7 36. Rc5+ Kd6 37. Rc6+ Kd7 38. Bc8+ Kd8 39. Ba6 Rc7 40. Rd6+ Rd7 41. Rxd7+ Kxd7 42. b6 Kc6 43. b7 Kc7 44. Nd4 Rc5 45. g5 e5 46. Ne2 e4+ 47. Kxe4 Rxg5 48. Nd4 Rc5 49. Kf4 Kb8 50. Ke4 Kc7 51. Kf4 Kb8 52. Ke4 Kc7 1/2-1/2

[Event "Sparkassen-Open A"]
[Site "Heusenstamm, Martinsee"]
[Date "2025.11.23"]
[Round "7.24"]
[White "Marcziter, Alex"]
[Black "Bräutigam, Thomas"]
[Result "1-0"]
[WhiteElo "2206"]
[BlackElo "2016"]
[PlyCount "97"]
[EventDate "2025.11.20"]
[WhiteTeam "Schachgemeinschaft Porz e. V."]
[BlackTeam "SC 1957 Bad Königshofen e.V."]

1. e4 c5 2. Nf3 e6 3. d3 Nc6 4. g3 g6 5. Bg2 Bg7 6. O-O Nge7 7. c3 O-O 8. Re1 d6 9. Be3 e5 10. Nh4 f6 11. f4 h6 12. Nf3 b6 13. d4 Qc7 14. h3 Bb7 15. Na3 a6 16. Rc1 Kh7 17. Qd2 Rad8 18. Qf2 Nb8 19. Qc2 Nd7 20. Bf2 b5 21. h4 Nb6 22. Qe2 Rfe8 23. Bh3 Bc8 24. Bxc8 Rxc8 25. dxc5 dxc5 26. fxe5 fxe5 27. c4 b4 28. Nc2 Nd7 29. Ne3 Nc6 30. h5 g5 31. Nd5 Qd6 32. Be3 Nd4 33. Qg2 Rf8 34. Rf1 Kg8 35. Nh2 Qe6 36. g4 Rxf1+ 37. Rxf1 Rf8 38. Rf5 Nxf5 39. gxf5 Qe8 40. Qf3 Rf7 41. Ng4 Qf8 42. Qd1 Kh8 43. Nc7 Qe7 44. Ne6 Kh7 45. b3 Bf8 46. Qd5 Qd6 47. Nxg5+ hxg5 48. Qd1 Kh8 49. Qd5 1-0

[Event "Sparkassen-Open A"]
[Site "Heusenstamm, Martinsee"]
[Date "2025.11.23"]
[Round "7.25"]
[White "Poysti, Nathanael"]
[Black "Merz, Leander"]
[Result "1/2-1/2"]
[WhiteElo "2207"]
[BlackElo "2034"]
[PlyCount "40"]
[EventDate "2025.11.20"]
[WhiteTeam "Buenos Aires"]
[BlackTeam "Schachforum Darmstadt 1994"]

1. c4 Nf6 2. g3 g6 3. Bg2 d6 4. Nc3 Bg7 5. d3 O-O 6. e4 c5 7. Nge2 Nc6 8. O-O a6 9. h3 Rb8 10. a4 Nd7 11. Rb1 Qa5 12. Bd2 Nde5 13. Be1 Nb4 14. Nd5 Nec6 15. Bc3 b5 16. axb5 axb5 17. Ra1 Qd8 18. Nxb4 Nxb4 19. Bxg7 Kxg7 20. b3 bxc4 1/2-1/2

[Event "Sparkassen-Open A"]
[Site "Heusenstamm, Martinsee"]
[Date "2025.11.23"]
[Round "7.26"]
[White "Kupriyanov, Daniel"]
[Black "Reitz, Philipp"]
[Result "1-0"]
[WhiteElo "2197"]
[BlackElo "2046"]
[PlyCount "141"]
[EventDate "2025.11.20"]
[WhiteTeam "SVKT Bad Camberg 2025"]
[BlackTeam "VfR-SC Koblenz"]

1. e4 c6 2. d4 d5 3. e5 c5 4. Nf3 Nc6 5. dxc5 Bg4 6. Bb5 e6 7. b4 Nge7 8. Bb2 Ng6 9. Nbd2 Be7 10. h3 Bxf3 11. Nxf3 O-O 12. Bxc6 bxc6 13. O-O a5 14. a3 Qb8 15. Qe1 Bxc5 16. Qc3 Be7 17. bxa5 Qc7 18. Qe3 Rxa5 19. c4 Rfa8 20. cxd5 cxd5 21. Rfc1 Qb7 22. Rc2 Rb5 23. Ra2 Rb3 24. Qc1 h6 25. Kh2 Ra4 26. Rc3 Rxc3 27. Bxc3 Qb3 28. Qb2 Qxb2 29. Bxb2 Nf4 30. Ne1 Bc5 31. Bc1 Ng6 32. Nd3 Bd4 33. f4 h5 34. Bd2 f6 35. exf6 gxf6 36. Bb4 e5 37. f5 Nh4 38. g4 hxg4 39. hxg4 Nf3+ 40. Kg2 e4 41. Nf4 Ra7 42. Rc2 Kh7 43. Nxd5 Rg7 44. Rc7 Rxc7 45. Nxc7 Ne5 46. Ne6 Bb6 47. g5 fxg5 48. Nxg5+ Kh6 49. Nxe4 Nc4 50. Kf3 Ne5+ 51. Ke2 Nc6 52. Kd2 Nd4 53. f6 Kg6 54. a4 Nf3+ 55. Ke2 Ne5 56. Bc3 Nd7 57. Kd3 Kf5 58. Ng3+ Kg6 59. Ne4 Kf5 60. Bd4 Bd8 61. Ke3 Ke6 62. Kf4 Kd5 63. Bc3 Ke6 64. Ng5+ Kd5 65. f7 Be7 66. Kf5 Nc5 67. Bb4 Kc4 68. Bxc5 Bxc5 69. Ne4 Bf8 70. Ke6 Kb4 71. Nc3 1-0

[Event "Sparkassen-Open A"]
[Site "Heusenstamm, Martinsee"]
[Date "2025.11.23"]
[Round "7.27"]
[White "Villwock, Martin"]
[Black "Musiienko, Tymur"]
[Result "0-1"]
[WhiteElo "2041"]
[BlackElo "2193"]
[PlyCount "128"]
[EventDate "2025.11.20"]
[WhiteTeam "Schachfreunde Essen-Katernberg 0"]
[BlackTeam "Wiesbadener SV 1885"]

1. e4 e5 2. f4 d5 3. exd5 exf4 4. Nf3 Nf6 5. Bb5+ c6 6. dxc6 Nxc6 7. d4 Bd6 8. O-O O-O 9. c3 Ne7 10. Na3 Bc7 11. Qd3 Re8 12. Qc2 h6 13. Nc4 Ned5 14. Nfe5 Be6 15. Bxf4 Nxf4 16. Rxf4 Bxc4 17. Bxc4 Bxe5 18. dxe5 Rxe5 19. Raf1 Qf8 20. h4 b5 21. Bb3 Kh8 22. Qf2 a5 23. a3 Rae8 24. Qd4 Qe7 25. Bc2 Re2 26. Qd3 Rd8 27. Rd4 Rxd4 28. cxd4 Re1 29. Qg3 Rxf1+ 30. Kxf1 Qd8 31. Qe5 Qc8 32. Qc5 Qb8 33. Qf5 Qc7 34. Kg1 Qc6 35. Bb3 Qc1+ 36. Kh2 Qc7+ 37. g3 a4 38. Bc2 h5 39. Kh3 Qc4 40. Qd3 Qc8+ 41. Qf5 Qc6 42. d5 Qxd5 43. Qxd5 Nxd5 44. Bd3 Nc7 45. Kg2 Kg8 46. Kf3 Kf8 47. Ke4 Ke7 48. Ke5 g6 49. Be2 f6+ 50. Kd4 Kd6 51. Bd3 f5 52. Bc2 Ne6+ 53. Ke3 Ke5 54. Bd3 Nc7 55. Bc2 Nd5+ 56. Kf2 Nb6 57. Bd3 Nc4 58. Bxc4 bxc4 59. Ke3 Kf6 60. Kf4 g5+ 61. hxg5+ Kg6 62. Ke3 Kxg5 63. Kf3 f4 64. gxf4+ Kf5 0-1

[Event "Sparkassen-Open A"]
[Site "Heusenstamm, Martinsee"]
[Date "2025.11.23"]
[Round "7.28"]
[White "Özdemir, Ali Özden"]
[Black "Förster, Erik"]
[Result "1/2-1/2"]
[WhiteElo "2049"]
[BlackElo "2167"]
[PlyCount "91"]
[EventDate "2025.11.20"]
[WhiteTeam "SK Langen"]
[BlackTeam "Sfr.Heidesheim"]

1. e4 e6 2. d3 d5 3. Qe2 Nc6 4. c3 e5 5. Nf3 Nf6 6. Qc2 a5 7. Be2 h6 8. Nbd2 Bd6 9. Nf1 a4 10. h3 a3 11. b4 O-O 12. g4 dxe4 13. dxe4 Nd7 14. Ne3 Nb6 15. Bd2 Be6 16. Kf1 Ne7 17. Rd1 Ng6 18. Nf5 Nc4 19. Bc1 Nb2 20. Rd5 Bxd5 21. exd5 Nf4 22. Bxf4 exf4 23. Rg1 Be7 24. h4 Kh8 25. g5 Rg8 26. g6 fxg6 27. Ne5 gxf5 28. Nf7+ Kh7 29. Nxd8 Raxd8 30. Qxf5+ Kh8 31. Bf3 Nc4 32. Kg2 Nd6 33. Qg6 Rdf8 34. Re1 Nf5 35. Rh1 Bxh4 36. Be4 Rf6 37. Qg4 Nd6 38. Bc2 f3+ 39. Kf1 g5 40. Qd4 Kg7 41. c4 Re8 42. Bd3 Kf7 43. Rh3 Rf4 44. Qxf4+ gxf4 45. Rxh4 Kf6 46. Rxf4+ 1/2-1/2

[Event "Sparkassen-Open A"]
[Site "Heusenstamm, Martinsee"]
[Date "2025.11.23"]
[Round "7.29"]
[White "Kutzner, Joachim"]
[Black "Sheng, Ming"]
[Result "1/2-1/2"]
[WhiteElo "1999"]
[BlackElo "2178"]
[PlyCount "62"]
[EventDate "2025.11.20"]
[WhiteTeam "SC Erkrath 1973"]
[BlackTeam "SVG Saarbrücken 1970 e.V."]

1. e4 c6 2. d4 d5 3. exd5 cxd5 4. c4 Nf6 5. Nc3 e6 6. Nf3 Be7 7. cxd5 Nxd5 8. Bd3 O-O 9. O-O Nc6 10. Re1 Bf6 11. Be4 h6 12. Bb1 Nce7 13. Qd3 Ng6 14. Ne5 Bxe5 15. Rxe5 Nb4 16. Qg3 Nxe5 17. dxe5 f5 18. Bxh6 Rf7 19. h4 Nd5 20. Bc2 Nxc3 21. bxc3 Bd7 22. Rd1 Rc8 23. Bb3 Rc6 24. h5 Qc8 25. Rd3 Be8 26. Qg5 Qc7 27. Rd8 Kf8 28. Ba4 gxh6 29. Qxh6+ Ke7 30. Qg5+ Kf8 31. Qh6+ Ke7 1/2-1/2

[Event "Sparkassen-Open A"]
[Site "Heusenstamm, Martinsee"]
[Date "2025.11.23"]
[Round "7.30"]
[White "Mandalka, Justus"]
[Black "Derr, Oleg"]
[Result "0-1"]
[WhiteElo "2006"]
[BlackElo "2140"]
[PlyCount "106"]
[EventDate "2025.11.20"]
[WhiteTeam "SK Bad Homburg 1927"]
[BlackTeam "VSG 1880 Offenbach"]

1. e4 c5 2. Nf3 Nc6 3. d4 cxd4 4. Nxd4 e5 5. Nb5 d6 6. c4 g6 7. N1c3 a6 8. Na3 Nf6 9. Be2 Be6 10. Be3 Rc8 11. O-O Bg7 12. Qd3 O-O 13. Rad1 Nd4 14. Bxd4 exd4 15. Qxd4 Nd5 16. Qd2 Nxc3 17. bxc3 Qa5 18. Qxd6 Bxc3 19. Nb1 Bb4 20. Qd4 Qxa2 21. Bd3 Bxc4 22. Bxc4 Qxc4 23. Qb6 Qxe4 24. Rd7 Rc2 25. Rd4 Ba5 26. Qf6 Qc6 27. Rd6 Qc5 28. Rd7 Rc1 29. Rdd1 Rxd1 30. Rxd1 Qc2 31. Rf1 Re8 32. h4 h5 33. Qd6 Rd8 34. Qe5 Rd1 35. Rxd1 Qxd1+ 36. Kh2 Qxb1 37. Qxa5 Qb3 38. g3 Qb5 39. Qd8+ Kh7 40. Qf6 Qd5 41. f3 a5 42. g4 hxg4 43. fxg4 a4 44. Qf2 a3 45. h5 Qe5+ 46. Kh3 Qc3+ 47. Kh4 Kg7 48. g5 gxh5 49. Qf5 a2 50. Qg6+ Kf8 51. Qd6+ Kg8 52. g6 Qc4+ 53. Kg3 a1=Q 0-1

[Event "Sparkassen-Open A"]
[Site "Heusenstamm, Martinsee"]
[Date "2025.11.23"]
[Round "7.32"]
[White "Steinbrenner, Peter"]
[Black "Serbu, Daniel Elias"]
[Result "0-1"]
[WhiteElo "2005"]
[BlackElo "2109"]
[PlyCount "70"]
[EventDate "2025.11.20"]
[WhiteTeam "SK Kaiserslautern 1905"]
[BlackTeam "SAbt TuS Makkabi Ffm"]

1. d4 Nf6 2. Nc3 d5 3. Bf4 Bf5 4. f3 e6 5. g4 Bg6 6. h4 h5 7. g5 Nfd7 8. e4 Nb6 9. Bd3 c5 10. dxc5 Bxc5 11. exd5 exd5 12. Bxg6 fxg6 13. Qe2+ Kf7 14. O-O-O Nc6 15. Nh3 Qd7 16. Nxd5 Nd4 17. Rxd4 Bxd4 18. Nxb6 Bxb6 19. Rd1 Qe6 20. Qxe6+ Kxe6 21. Rd6+ Ke7 22. Rxg6 Kf7 23. Rd6 Rhd8 24. Rd2 Rxd2 25. Bxd2 g6 26. Nf4 Bf2 27. Ng2 Rd8 28. Kd1 Rd4 29. f4 Re4 30. c3 Ke6 31. Kc2 Kf5 32. Kd3 Re6 33. Ne3+ Kxf4 34. Nd5+ Kg4 35. Nf4 Rd6+ 0-1

[Event "Sparkassen-Open A"]
[Site "Heusenstamm, Martinsee"]
[Date "2025.11.23"]
[Round "7.33"]
[White "Burkhardt, Holger"]
[Black "Mährlein, Christoph"]
[Result "1-0"]
[WhiteElo "2102"]
[BlackElo "2024"]
[PlyCount "53"]
[EventDate "2025.11.20"]
[WhiteTeam "SK Anderten"]
[BlackTeam "SC Pforzheim 1906"]

1. e4 Nf6 2. Nc3 e5 3. Nf3 Bb4 4. Nxe5 Qe7 5. Nd3 Nxe4 6. Nd5 Qd6 7. N5xb4 a5 8. Qe2 Kd8 9. f3 Nf6 10. Ne5 Qe7 11. Nbd3 Re8 12. Kd1 d6 13. Nc4 Be6 14. Nf4 Qd7 15. Nxe6+ Rxe6 16. Qf2 d5 17. Na3 Na6 18. d4 c6 19. c3 b5 20. Bd3 Qe8 21. Re1 b4 22. Nc2 bxc3 23. bxc3 c5 24. Bf5 Re7 25. Rxe7 Qxe7 26. Qe2 Qd6 27. Qe5 1-0

[Event "Sparkassen-Open A"]
[Site "Heusenstamm, Martinsee"]
[Date "2025.11.23"]
[Round "7.34"]
[White "Hoffmann, Christian"]
[Black "Longo, Massimo"]
[Result "0-1"]
[WhiteElo "1891"]
[BlackElo "2079"]
[PlyCount "86"]
[EventDate "2025.11.20"]
[WhiteTeam "SAbt BKA Wiesbaden"]
[BlackTeam "SK Gräfelfing"]

1. e4 e6 2. d4 d5 3. Nd2 c5 4. Ngf3 cxd4 5. Nxd4 Nc6 6. Bb5 Bd7 7. Bxc6 bxc6 8. e5 c5 9. Ne2 Qg5 10. O-O Qxe5 11. f4 Qc7 12. c4 Bd6 13. Nc3 Ne7 14. Qh5 O-O 15. Nf3 g6 16. Qh6 Nf5 17. Qh3 f6 18. g4 Ne7 19. Qh6 Bc6 20. f5 exf5 21. cxd5 fxg4 22. dxc6 gxf3 23. Rxf3 Qxc6 24. Qh3 Be5 25. Ne2 Rad8 26. Bh6 Rf7 27. Qg4 Qd7 28. Qc4 Qd5 29. Qg4 Bd4+ 30. Kf1 Nf5 31. Bf4 Qe4 32. Ng3 Nxg3+ 33. Qxg3 Re8 34. Re1 Qxe1+ 35. Qxe1 Rxe1+ 36. Kxe1 Bxb2 37. Rb3 Re7+ 38. Kd2 Bd4 39. Rb8+ Kf7 40. Kd3 g5 41. Bd2 Be5 42. Rc8 Rd7+ 43. Ke2 Rc7 0-1